Statistics for Top 5 offensive players on the Eagles

Click here to take the quiz!

General Stats

  • This quiz has been taken 16 times
    (15 since last reset)
  • The average score is 4 of 5

Answer Stats

NumberPlayer% Correct
#1Jalen Hurts
100%
#11AJ Brown
91%
#6DeVonta Smith
82%
#62Jason Kelce
73%
#16Quez Watkins
64%

Score Distribution

Percentile by Number Answered

Percent of People with Each Score

Your Score History

You have not taken this quiz since the last reset